| 000 | 01070nam a22001937a 4500 | ||
|---|---|---|---|
| 003 | AM-YeHGA | ||
| 040 | _aAM-YeHGA | ||
| 090 | _c443570 | ||
| 005 | 20250617155852.0 | ||
| 008 | 191105b1960 ru ||||| |||| 00| 0 rus d | ||
| 041 | 0 | _arus | |
| 100 | 1 | _aЖуховицкий, Борис Яковлевич | |
| 245 | 1 | 0 |
_aЧетырехполюсники : _b(Конспект лекций для студентов вечернего фак.) / _cБ. Я. Жуховицкий ; М-во высш. и сред. спец. образования РСФСР. Моск. ордена Ленина энергет. ин-т. Кафедра теорет. основ электротехники |
| 260 |
_aМосква : _b[б. и.], _c1960 |
||
| 300 |
_a44 с., _b[1] л. схем. |
||
| 650 | 1 | 4 | _aЧетырехполюсники - Учебники и пособия |
| 710 | 2 |
_aМосковский ордена Ленина энергетический институт _bКафедра теоретических основ электротехники |
|
| 942 |
_2udc _cBK |
||
| 999 |
_c440793 _d440793 |
||